Clic Ont-ils été surnommés le Grand ou le Petit ? - Statistiques

Statistiques générales
  • Ce quiz a été pris 25 fois
  • Le résultat moyen est 17 sur 26
Statistiques - réponses
Hint Réponse % Correct
Constantin 1er Le Grand
90%
Otton 1er du Saint-Empire Le Grand
85%
Nicolas 1er (pape) Le Grand
85%
Ramsès II Le Grand
85%
Vladimir de Kiev Le Grand
85%
Ivan III de Russie Le Grand
80%
Louis XIV de France Le Grand
80%
Pierre 1er de Russie Le Grand
75%
Casimir III de Pologne Le Grand
75%
Henri IV de France Le Grand
75%
Alexandre III de Macédoine Le Grand
70%
Frédéric II de Prusse Le Grand
70%
Léon 1er (pape) Le Grand
70%
Grégoire 1er (pape) Le Grand
70%
Napoléon III Le Petit
70%
Charles 1er (fils de Pépin) Le Grand
65%
Alfred de Wessex Le Grand
65%
Basile de Césarée Le Grand
65%
Saint Antoine Le Grand
55%
Louis II de Bourbon-Condé Le Grand
55%
Manuel 1er de Portugal Le Grand
55%
Conan IV de Bretagne Le Petit
45%
Alphonse III des Asturies Le Grand
30%
Khosrov III d'Arménie Le Petit
25%
Denys d'Arménie Le Petit
20%
Arnoul 1er de Flandre Le Grand
15%
Aucun quiz correspondant
Distribution des résultats
% des personnes avec chaque résultat
Percentile par nombre de réponses
Votre historique - résultats
Vous n’avez pas pris ce quiz